La loza de la tierra : cerámica vidriada en el Perú /
Catálogo de la exposición que, con el mismo título, presentó en Perú manifestaciones que dan cuenta de la riqueza y belleza de la cerámica vidriada que se ha desarrollado en el país a partir del siglo XVII.
Uloženo v:
| Korporace: | , |
|---|---|
| Další autoři: | |
| Médium: | Kniha |
| Jazyk: | španělština |
| Témata: | |
| Tagy: |
cerámica
1
|
MARC
| LEADER | 00000nam^a2200000^a^4500 | ||
|---|---|---|---|
| 001 | 000180058 | ||
| 005 | 20250521000000.0 | ||
| 009 | 20260310101845.532 | ||
| 020 | |a 9972-9903-3-8 | ||
| 037 | |a Acervo ITESO - Biblioteca | ||
| 041 | |a ESP | ||
| 082 | |a 738. 0985 |b ICPNA | ||
| 110 | |a Instituto Cultural Peruano Norteamericano |e (coord.) | ||
| 245 | 1 | 3 | |a La loza de la tierra : |b cerámica vidriada en el Perú / |c Curaduría de S. Acevedo ; presen. de Iván Rodríguez Chávez, Germán Krüger Espantoso, Fernando Torres, Luis Repetto Málaga, Isabel Benavides de Davis. |
| 264 | |a Lima, Perú : |b Instituto Cultural Peruano Norteamericano : |b Universidad Ricardo Palma, |c copyright fecha no identificada | ||
| 300 | |a 215 p. | ||
| 336 | |a texto |b txt |2 rdacontenido | ||
| 337 | |a sin mediación |b n |2 rdamedio | ||
| 338 | |a volumen |b nc |2 rdasoporte | ||
| 520 | |a Catálogo de la exposición que, con el mismo título, presentó en Perú manifestaciones que dan cuenta de la riqueza y belleza de la cerámica vidriada que se ha desarrollado en el país a partir del siglo XVII. | ||
| 649 | |a XX | ||
| 650 | |a Loza - |z Perú - |x Exposiciones | ||
| 650 | |a Loza - |z Perú - |x Historia y Crítica | ||
| 650 | |a Cerámica Peruana - |x Exposiciones | ||
| 650 | |a Cerámica Peruana - |x Historia y Crítica | ||
| 650 | |a Artesanía - |z Perú - |x Exposiciones | ||
| 650 | |a Artesanía - |z Perú - |x Historia y Crítica | ||
| 650 | |a Arte Popular - |z Perú - |x Exposiciones | ||
| 650 | |a Arte Popular - |z Perú - |x Historia y Crítica | ||
| 650 | |a Arte Peruano - |x Exposiciones | ||
| 650 | |a Arte Peruano - |x Historia y Crítica | ||
| 710 | |a Universidad Ricardo Palma |e (coord.) | ||
| 700 | |a Acevedo, Sara |e (curaduría) | ||
| 910 | |a Fondo General | ||
| 920 | |a Impresos - Libros | ||
| 930 | |a Reserva Especial | ||
| 905 | |a 103 | ||
| 901 | |a 0500119658 |b IT1 |c REE |u 20250521 | ||
| 902 | |a https://opac.biblio.iteso.mx/vufind/Record/000180058 | ||